Stargate : les vaisseaux - Statistiques

Statistiques générales
  • Ce quiz a été pris 59 fois
  • Le résultat moyen est 13 sur 20
Statistiques - réponses
Par images Hint Réponse % Correct
SG1 / SGA Jumper
96%
SGA / (SG1) Atlantis
90%
SG1 / SGA F303 (Prométhée et Dédale)
86%
SG1 / SGA / SGU F302
78%
SG1 Tel'tak, ou vaisseau cargo
78%
SG1 Vaisseau-mère Ori
76%
SG1 Vaisseau-mère Réplicateur
76%
SGA Croiseur Wraith
72%
SG1 Ha'tak goa'uld
70%
SGA / (SG1) Ruche Wraith
70%
SG1 Al'kesh
66%
SGA Dart
66%
SGU Destinée
66%
SG1 / SGA / SGU F304 : Odyssée, Apollo, Korolev, George Hammond
66%
SG1 Vaisseau Biliskner Asgard
66%
SGA Croiseur lantien : Aurore, Orion
62%
SG1 / SGU Planeurs de la mort
56%
SG1 / SGO Vaisseau-mère de Ra
54%
SGU Drône
20%
SGU Vaisseau-mère nakai
10%
Aucun quiz correspondant
Distribution des résultats
% des personnes avec chaque résultat
Percentile par nombre de réponses
Votre historique - résultats
Vous n’avez pas pris ce quiz